01425nam a2200241Ia 4500001001100000003001000011008004100021040002500062041001300087100004500100245008500145250001100230260006100241300001200302500024700314501011400561520024700675650004300922942000700965957000600972999004300978952016201021A085-34677IT-CnALBA170116s9999||||xx |||||||||||||| ||und|| aIT-CnALBAcIT-CnALBA aITALIANO aBOSSUET JACQUES-BENIGNE VESCOVO DI MEAUX 0aOPERE. CONTRO GLI ERRORI DEI QUIETISTI E DEI FALSI MISTICI. TOMO LIII. VOL. IV.  a1a ed. a VENEZIAbZERLETTI PIETRO (PRESSO) c1800 [1° Ed.:1800] a351 p.  aPOLEMICA CONTINUATA TRA BOSSUET L'ARCIVESCOVO DI CAMBRAI E MADAMA GUYON. SCRITTI DI MADAMA GUYON CON COMPIACENZA DELL'ARCIVESCOVO DI CAMBRAI. CONDANNA E PROIBIZIONE DEL LIBRO, SPIEGAZIONE DELLE MASSIME DEI SANTI SULLA VITA INTERIORE. INDICE.  aSocietà San Paolo EM - Piazza San Paolo, 14 - 12051 ALBA (CN) (non commercial uses only) ® Copyright 2017 aPOLEMICA CONTINUATA TRA BOSSUET L'ARCIVESCOVO DI CAMBRAI E MADAMA GUYON. SCRITTI DI MADAMA GUYON CON COMPIACENZA DELL'ARCIVESCOVO DI CAMBRAI. CONDANNA E PROIBIZIONE DEL LIBRO, SPIEGAZIONE DELLE MASSIME DEI SANTI SULLA VITA INTERIORE. INDICE.  aRACCOLTE DI CARATTERE GEN. IN ITALIANO cBK 71 a39446bSI g Copie: 1 c293510d293510 0010406A_0853467771aALBAbALBAd2017-01-16l0oA085-34677r2017-01-16 00:00:00w2017-01-16yBKz(data import: 16 gennaio 2017) - By Epidotti, Vaglietti.